|
|
|
|
| LEADER |
00000nam1a2200000 4500 |
| 001 |
151750 |
| 005 |
20231031150816.0 |
| 035 |
|
|
|a (RuTPU)RU\TPU\book\164523
|
| 035 |
|
|
|a RU\TPU\book\324604
|
| 090 |
|
|
|a 151750
|
| 100 |
|
|
|a 20150629d1975 k y0rusy5003 ca
|
| 101 |
0 |
|
|a rus
|
| 200 |
1 |
|
|a Аналого-дискретные преобразования сигналов
|e [сборник статей]
|f Академия наук Латвийской ССР (АН ЛатССР), Институт электроники и вычислительной техники (ИЭиВТ)
|
| 210 |
|
|
|a Рига
|c Зинатне
|d 1975-1982
|
| 306 |
|
|
|a Изд. выходит с 1975 г.
|
| 712 |
0 |
2 |
|a Академия наук Латвийской ССР (АН ЛатССР)
|b Институт электроники и вычислительной техники (ИЭиВТ)
|2 stltpush
|3 (RuTPU)RU\TPU\col\6601
|
| 801 |
|
1 |
|a RU
|b 63413507
|c 20090127
|g PSBO
|
| 801 |
|
2 |
|a RU
|b 63413507
|c 20170616
|g PSBO
|
| 942 |
|
|
|c BK
|